[Event "ESP chT Honor Division 2019"]
[Site "Melilla"]
[Date "2019.10.04"]
[Round "5.13"]
[White "Cheparinov, Ivan"]
[Black "Bacrot, Etienne"]
[Result "1-0"]
[WhiteElo "2670"]
[BlackElo "2671"]
[Annotator "ChessBase"]
[PlyCount "58"]
[EventDate "2019.09.30"]
[EventType "team-tourn"]
[EventCountry "ESP"]
[SourceTitle "playchess.com"]
[Source "ChessBase"]
[SourceQuality "1"]
[TimeControl "40/5400+30:1800+30"]

1. d4 {[%emt 0:00:00]} d5 {[%emt 0:06:20]} 2. Nf3 Nf6 {[%emt 0:00:04]} 3. c4 {[%emt 0:00:00]} e6 4. Nc3 {[%emt 0:00:00]} Be7 {[%emt 0:00:35]} 5. Bf4 {[%emt 0:00:00]} O-O {[%emt 0:00:43]} 6. e3 {[%emt 0:00:00]} Nbd7 {[%emt 0:01:05]} 7. Be2 {[%emt 0:00:36]} dxc4 8. O-O a6 {[%emt 0:07:16]} 9. a4 {[%emt 0:00:56]} c5 {[%emt 0:00:05]} 10. d5 {[%emt 0:00:24]} exd5 {[%emt 0:00:04]} 11. Nxd5 {[%emt 0:00:08]} Nxd5 {[%emt 0:00:06]} 12. Qxd5 {[%emt 0:00:05]} Nf6 {[%emt 0:00:05]} 13. Qxd8 {[%emt 0:00:30]} Rxd8 {[%emt 0:01:28]} 14. Bc7 {[%emt 0:00:07]} Rd7 {[%emt 0:03:49]} 15. Ba5 Rd6 {[%emt 0:16:28]} 16. Ne5 {[%emt 0:08:00]} b6 {[%emt 0:01:38]} 17. Bc3 {[%emt 0:05:12]} Bb7 {[%emt 0:02:48]} 18. Nxc4 {[%emt 0:00:30]} Re6 {[%emt 0:18:11]} 19. Rfd1 {[%emt 0:04:56]} Ne4 20. Be1 {[%emt 0:03:40]} Nf6 {[%emt 0:01:18]} 21. Bc3 {[%emt 0:20:37]} Ne4 {[%emt 0:00:27]} 22. Be5 {[%emt 0:01:35]} b5 {[%emt 0:28:19]} 23. Bg4 {[%emt 0:01:29]} Rg6 {[%emt 0:00:06]} 24. Rd7 {[%emt 0:03:59]} Rxg4 {[%emt 0:05:06]} 25. Rxb7 {[%emt 0:03:43]} bxc4 {[%emt 0:03:09]} 26. Rxe7 {[%emt 0:00:17]} Kf8 {[%emt 0:02:38]} 27. Rb7 {[%emt 0:02:32]} Rg6 {[%emt 0:00:37]} 28. Rd1 {[%emt 0:00:10]} Re8 {[%emt 0:00:26]} 29. Rdd7 {[%emt 0:00:41]} f6 1-0

[Event "ESP chT Honor Division 2019"]
[Site "Melilla"]
[Date "2019.10.04"]
[Round "5.14"]
[White "Naiditsch, Arkadij"]
[Black "Predke, Alexandr"]
[Result "1/2-1/2"]
[WhiteElo "2643"]
[BlackElo "2657"]
[Annotator "ChessBase"]
[PlyCount "82"]
[EventDate "2019.09.30"]
[EventType "team-tourn"]
[EventCountry "ESP"]
[SourceTitle "playchess.com"]
[Source "ChessBase"]
[SourceQuality "1"]
[TimeControl "40/5400+30:1800+30"]

1. e4 e5 2. Nf3 Nc6 {[%emt 0:00:57]} 3. Bb5 {[%emt 0:00:06]} a6 {[%emt 0:00:05]} 4. Ba4 {[%emt 0:00:00]} Nf6 5. O-O Be7 {[%emt 0:00:09]} 6. d3 {[%emt 0:00:30]} d6 {[%emt 0:00:07]} 7. c3 {[%emt 0:00:28]} O-O {[%emt 0:00:12]} 8. Nbd2 {[%emt 0:00:40]} b5 {[%emt 0:00:09]} 9. Bc2 {[%emt 0:00:15]} d5 {[%emt 0:00:15]} 10. Re1 {[%emt 0:01:31]} dxe4 {[%emt 0:01:23]} 11. dxe4 {[%emt 0:00:19]} Be6 {[%emt 0:00:11]} 12. Qe2 {[%emt 0:00:21]} Qc8 {[%emt 0:00:33]} 13. a4 {[%emt 0:01:16]} Rb8 {[%emt 0:00:23]} 14. b4 {[%emt 0:03:07]} Bd6 {[%emt 0:01:05]} 15. Bd3 {[%emt 0:01:38]} Qb7 {[%emt 0:00:11]} 16. Nf1 {[%emt 0:00:46]} h6 {[%emt 0:00:44]} 17. Nh4 {[%emt 0:13:36]} Rfd8 {[%emt 0:12:06]} 18. h3 {[%emt 0:15:50]} Ne7 {[%emt 0:08:19]} 19. Ng3 {[%emt 0:16:20]} c5 {[%emt 0:03:21]} 20. axb5 {[%emt 0:06:20]} axb5 {[%emt 0:00:11]} 21. bxc5 {[%emt 0:00:20]} Bxc5 {[%emt 0:00:06]} 22. Rb1 {[%emt 0:00:34]} b4 {[%emt 0:04:51]} 23. cxb4 {[%emt 0:02:04]} Bxb4 {[%emt 0:00:07]} 24. Bd2 {[%emt 0:06:13]} Nc6 {[%emt 0:00:12]} 25. Ngf5 {[%emt 0:04:04]} Qd7 {[%emt 0:01:58]} 26. Bxb4 {[%emt 0:03:47]} Qxd3 {[%emt 0:01:47]} 27. Qxd3 {[%emt 0:00:37]} Rxd3 {[%emt 0:00:08]} 28. Ne7+ {[%emt 0:00:35]} Nxe7 {[%emt 0:00:07]} 29. Bxe7 {[%emt 0:00:04]} Rxb1 {[%emt 0:00:45]} 30. Rxb1 {[%emt 0:00:05]} Nxe4 {[%emt 0:00:18]} 31. Re1 {[%emt 0:00:10]} Bd5 {[%emt 0:05:27]} 32. f3 {[%emt 0:03:41]} Nc3 {[%emt 0:00:23]} 33. Rxe5 {[%emt 0:00:39]} Be6 {[%emt 0:00:05]} 34. Bc5 {[%emt 0:02:38]} Rd2 {[%emt 0:08:51]} 35. Be3 {[%emt 0:02:45]} Rd1+ {[%emt 0:03:07]} 36. Kf2 {[%emt 0:03:06]} Rd3 {[%emt 0:03:52]} 37. Bc1 {[%emt 0:03:29]} Rd1 {[%emt 0:06:32]} 38. Be3 {[%emt 0:00:28]} Ra1 {[%emt 0:02:00]} 39. Ng6 {[%emt 0:01:08]} Nd1+ {[%emt 0:02:54]} 40. Kg3 {[%emt 0:00:21]} Nxe3 {[%emt 0:00:12]} 41. Rxe3 {[%emt 0:30:09]} fxg6 {[%emt 0:30:06]} 1/2-1/2

[Event "ESP chT Honor Division 2019"]
[Site "Melilla"]
[Date "2019.10.04"]
[Round "5.15"]
[White "Santos Latasa, Jaime"]
[Black "Paehtz, Elisabeth"]
[Result "1/2-1/2"]
[WhiteElo "2580"]
[BlackElo "2489"]
[Annotator "ChessBase"]
[PlyCount "101"]
[EventDate "2019.09.30"]
[EventType "team-tourn"]
[EventCountry "ESP"]
[SourceTitle "playchess.com"]
[Source "ChessBase"]
[SourceQuality "1"]
[TimeControl "40/5400+30:1800+30"]

1. e4 {[%emt 0:00:00]} e6 {[%emt 0:00:00]} 2. d4 {[%emt 0:00:00]} d5 {[%emt 0:00:00]} 3. Nc3 {[%emt 0:00:00]} Nf6 {[%emt 0:00:00]} 4. e5 {[%emt 0:00:10]} Nfd7 {[%emt 0:00:00]} 5. f4 {[%emt 0:00:04]} c5 {[%emt 0:00:00]} 6. Nf3 {[%emt 0:00:04]} Nc6 {[%emt 0:00:00]} 7. Be3 {[%emt 0:00:13]} Be7 {[%emt 0:00:00]} 8. Qd2 {[%emt 0:00:20]} O-O {[%emt 0:00:01]} 9. dxc5 {[%emt 0:00:13]} Qa5 {[%emt 0:00:05]} 10. O-O-O {[%emt 0:02:04]} b6 {[%emt 0:00:01]} 11. Bb5 {[%emt 0:00:08]} Nb4 {[%emt 0:00:06]} 12. a3 {[%emt 0:00:05]} bxc5 {[%emt 0:00:07]} 13. Kb1 {[%emt 0:00:04]} Rb8 {[%emt 0:00:02]} 14. axb4 {[%emt 0:00:10]} cxb4 {[%emt 0:00:08]} 15. Nxd5 {[%emt 0:00:03]} exd5 {[%emt 0:00:12]} 16. Bxd7 {[%emt 0:00:03]} Bxd7 {[%emt 0:00:03]} 17. Qxd5 {[%emt 0:00:06]} Qxd5 {[%emt 0:00:04]} 18. Rxd5 {[%emt 0:00:04]} Bc6 {[%emt 0:00:07]} 19. Ra5 {[%emt 0:00:39]} Rfc8 {[%emt 0:00:15]} 20. b3 {[%emt 0:04:44]} Be4 {[%emt 0:02:06]} 21. Nd4 {[%emt 0:00:23]} g6 {[%emt 0:22:15]} 22. Re1 {[%emt 0:13:00]} Bxg2 {[%emt 0:43:47]} 23. Nf5 {[%emt 0:07:59]} Bf8 {[%emt 0:00:08]} 24. Bxa7 {[%emt 0:00:36]} Ra8 {[%emt 0:01:44]} 25. Nd6 {[%emt 0:03:09]} Rc6 {[%emt 0:03:23]} 26. Rd1 {[%emt 0:03:45]} f6 {[%emt 0:07:15]} 27. Nc4 {[%emt 0:06:08]} Be4 {[%emt 0:01:37]} 28. Bb6 {[%emt 0:05:49]} Rac8 {[%emt 0:05:05]} 29. Rd8 {[%emt 0:01:47]} fxe5 {[%emt 0:02:49]} 30. Rxe5 {[%emt 0:09:00]} Rxd8 {[%emt 0:01:46]} 31. Bxd8 {[%emt 0:00:19]} Bf5 {[%emt 0:00:44]} 32. Be7 {[%emt 0:00:56]} Bh6 {[%emt 0:03:09]} 33. Bd6 {[%emt 0:05:12]} Rc8 {[%emt 0:03:40]} 34. Rb5 {[%emt 0:03:05]} Re8 {[%emt 0:00:21]} 35. Be5 {[%emt 0:00:10]} Bf8 {[%emt 0:00:19]} 36. Ne3 {[%emt 0:00:45]} Bd7 {[%emt 0:02:56]} 37. Rb7 {[%emt 0:01:22]} Bc6 {[%emt 0:00:15]} 38. Rc7 {[%emt 0:00:11]} Bf3 {[%emt 0:00:10]} 39. Rd7 {[%emt 0:04:38]} Bc6 {[%emt 0:01:00]} 40. Rd2 {[%emt 0:01:36]} Kf7 {[%emt 0:01:41]} 41. Nc4 {[%emt 0:32:40]} Ke6 {[%emt 0:31:30]} 42. Bd6 {[%emt 0:01:01]} Bh6 {[%emt 0:00:00]} 43. Rf2 {[%emt 0:00:00]} Bb5 {[%emt 0:00:00]} 44. Bxb4 {[%emt 0:00:00]} Bxc4 {[%emt 0:00:00]} 45. bxc4 {[%emt 0:00:00]} Rc8 {[%emt 0:00:00]} 46. Re2+ {[%emt 0:00:00]} Kf5 {[%emt 0:00:00]} 47. Re5+ {[%emt 0:00:00]} Kg4 {[%emt 0:00:00]} 48. h3+ {[%emt 0:00:00]} Kxh3 {[%emt 0:00:00]} 49. Re7 {[%emt 0:00:00]} Bxf4 {[%emt 0:00:00]} 50. Rxh7+ {[%emt 0:00:00]} Kg4 {[%emt 0:00:00]} 51. c3 {[%emt 0:00:00]} 1/2-1/2

[Event "ESP chT Honor Division 2019"]
[Site "Melilla"]
[Date "2019.10.04"]
[Round "5.16"]
[White "Franco Alonso, Alejandro"]
[Black "Perez Candelario, Manuel"]
[Result "1/2-1/2"]
[WhiteElo "2384"]
[BlackElo "2621"]
[Annotator "ChessBase"]
[PlyCount "73"]
[EventDate "2019.09.30"]
[EventType "team-tourn"]
[EventCountry "ESP"]
[SourceTitle "playchess.com"]
[Source "ChessBase"]
[SourceQuality "1"]
[TimeControl "40/5400+30:1800+30"]

1. Nf3 {[%emt 0:00:00]} Nf6 {[%emt 0:00:00]} 2. c4 {[%emt 0:00:00]} g6 {[%emt 0:00:00]} 3. Nc3 {[%emt 0:00:00]} Bg7 {[%emt 0:00:00]} 4. e4 {[%emt 0:00:00]} d6 {[%emt 0:00:00]} 5. d4 {[%emt 0:00:04]} O-O {[%emt 0:00:00]} 6. Be2 {[%emt 0:00:15]} Nbd7 {[%emt 0:00:27]} 7. O-O {[%emt 0:01:22]} e5 {[%emt 0:00:13]} 8. Be3 {[%emt 0:00:10]} Re8 {[%emt 0:00:44]} 9. d5 {[%emt 0:00:41]} Nh5 {[%emt 0:00:12]} 10. g3 {[%emt 0:00:18]} Bf8 {[%emt 0:00:07]} 11. Ne1 {[%emt 0:00:31]} Ng7 {[%emt 0:00:05]} 12. Nd3 {[%emt 0:00:16]} f5 {[%emt 0:00:18]} 13. f3 {[%emt 0:00:41]} Be7 {[%emt 0:00:08]} 14. Qd2 {[%emt 0:00:37]} Rf8 {[%emt 0:00:41]} 15. Rac1 {[%emt 0:08:04]} a5 {[%emt 0:06:48]} 16. a3 {[%emt 0:10:16]} b6 {[%emt 0:00:55]} 17. b4 {[%emt 0:06:22]} Nf6 {[%emt 0:20:34]} 18. Nf2 {[%emt 0:00:44]} Nfh5 {[%emt 0:04:29]} 19. Bh6 {[%emt 0:00:56]} f4 {[%emt 0:09:41]} 20. g4 {[%emt 0:12:07]} Bg5 {[%emt 0:02:13]} 21. Bxg5 {[%emt 0:06:59]} Qxg5 {[%emt 0:00:07]} 22. Nd3 {[%emt 0:02:19]} Nf6 {[%emt 0:08:24]} 23. Qe1 {[%emt 0:01:16]} Qh6 {[%emt 0:04:50]} 24. c5 {[%emt 0:14:28]} axb4 {[%emt 0:05:24]} 25. axb4 {[%emt 0:00:06]} bxc5 {[%emt 0:00:40]} 26. bxc5 {[%emt 0:00:08]} g5 {[%emt 0:08:33]} 27. Nf2 {[%emt 0:08:13]} Nd7 {[%emt 0:02:13]} 28. c6 {[%emt 0:10:10]} Nc5 {[%emt 0:00:19]} 29. Ra1 {[%emt 0:00:25]} Rb8 {[%emt 0:11:19]} 30. Rb1 {[%emt 0:02:00]} Ra8 {[%emt 0:01:48]} 31. Ra1 {[%emt 0:00:21]} Rb8 {[%emt 0:00:37]} 32. Nb5 {[%emt 0:02:27]} Ne8 {[%emt 0:01:09]} 33. Ra7 {[%emt 0:01:51]} Qh4 {[%emt 0:08:08]} 34. Nd1 {[%emt 0:02:27]} Qh3 {[%emt 0:00:56]} 35. Nf2 {[%emt 0:00:20]} Qh4 {[%emt 0:00:04]} 36. Nd1 {[%emt 0:06:28]} Qh3 {[%emt 0:00:04]} 37. Nf2 {[%emt 0:01:10]} 1/2-1/2

[Event "ESP chT Honor Division 2019"]
[Site "Melilla"]
[Date "2019.10.04"]
[Round "5.17"]
[White "Moreno Tejera, Emilio"]
[Black "Gonzalez De La Torre, Santiago"]
[Result "1-0"]
[WhiteElo "2427"]
[BlackElo "2423"]
[Annotator "NA"]
[PlyCount "55"]
[EventDate "2019.09.30"]
[EventType "team-tourn"]
[EventCountry "ESP"]
[SourceTitle "playchess.com"]
[Source "ChessBase"]
[SourceQuality "1"]
[TimeControl "40/5400+30:1800+30"]

1. e4 {[%emt 0:00:00]} c5 {[%emt 0:00:00]} 2. Nf3 {[%emt 0:00:06]} e6 {[%emt 0:00:00]} 3. d4 {[%emt 0:00:43]} cxd4 {[%emt 0:00:00]} 4. Nxd4 {[%emt 0:00:09]} a6 {[%emt 0:00:00]} 5. Bd3 {[%emt 0:00:26]} Bc5 {[%emt 0:00:00]} 6. Nb3 {[%emt 0:00:49]} Be7 {[%emt 0:00:06]} 7. Qg4 {[%emt 0:01:37]} g6 {[%emt 0:00:11]} 8. Qe2 {[%emt 0:00:18]} d6 {[%emt 0:00:09]} 9. O-O {[%emt 0:00:46]} Nd7 {[%emt 0:00:34]} 10. Na3 {[%emt 0:03:59]} Ne5 {[%emt 0:07:08]} 11. Nc4 {[%emt 0:07:27]} Nxc4 {[%emt 0:00:22]} 12. Bxc4 {[%emt 0:00:07]} Qc7 {[%emt 0:01:45]} 13. Rd1 {[%emt 0:13:31]} Nf6 {[%emt 0:17:01]} 14. Bh6 {[%emt 0:11:43]} d5 {[%emt 0:10:42]} 15. Bd3 {[%emt 0:00:40]} dxe4 {[%emt 0:00:07]} 16. Bxe4 {[%emt 0:00:07]} Bf8 {[%emt 0:00:08]} 17. Bg5 {[%emt 0:16:58]} Bg7 {[%emt 0:00:13]} 18. Qf3 {[%emt 0:04:58]} Nd7 {[%emt 0:00:34]} 19. Bf4 {[%emt 0:05:00]} e5 {[%emt 0:00:16]} 20. Bd2 {[%emt 0:03:20]} a5 {[%emt 0:13:44]} 21. Qc3 {[%emt 0:03:38]} Qxc3 {[%emt 0:00:22]} 22. Bxc3 {[%emt 0:00:04]} a4 {[%emt 0:23:02]} 23. Na5 {[%emt 0:02:04]} Ra7 {[%emt 0:00:15]} 24. Nc4 {[%emt 0:04:07]} f5 {[%emt 0:07:47]} 25. Nd6+ {[%emt 0:04:28]} Ke7 {[%emt 0:12:09]} 26. Bb4 {[%emt 0:00:42]} Kf6 {[%emt 0:00:08]} 27. Nxc8 {[%emt 0:00:38]} Rxc8 {[%emt 0:00:06]} 28. Rd6+ {[%emt 0:00:22]} 1-0

[Event "ESP chT Honor Division 2019"]
[Site "Melilla"]
[Date "2019.10.04"]
[Round "5.18"]
[White "Argandona Riveiro, Inigo"]
[Black "Bivol, Alina"]
[Result "1/2-1/2"]
[WhiteElo "2413"]
[BlackElo "2371"]
[Annotator "NA"]
[PlyCount "120"]
[EventDate "2019.09.30"]
[EventType "team-tourn"]
[EventCountry "ESP"]
[SourceTitle "playchess.com"]
[Source "ChessBase"]
[SourceQuality "1"]
[TimeControl "40/5400+30:1800+30"]

1. Nf3 {[%emt 0:00:00]} Nf6 {[%emt 0:00:00]} 2. b3 {[%emt 0:00:00]} g6 {[%emt 0:00:06]} 3. Bb2 {[%emt 0:00:00]} Bg7 {[%emt 0:00:07]} 4. g3 {[%emt 0:00:00]} O-O {[%emt 0:00:30]} 5. Bg2 {[%emt 0:00:00]} d6 {[%emt 0:00:07]} 6. d4 {[%emt 0:00:05]} e5 {[%emt 0:01:04]} 7. dxe5 {[%emt 0:02:57]} Ng4 {[%emt 0:00:14]} 8. O-O {[%emt 0:01:10]} Nc6 {[%emt 0:06:50]} 9. c4 {[%emt 0:06:04]} a5 {[%emt 0:11:37]} 10. Nc3 {[%emt 0:02:30]} Ngxe5 {[%emt 0:00:14]} 11. Nxe5 {[%emt 0:00:21]} Nxe5 {[%emt 0:01:01]} 12. Qd2 {[%emt 0:10:35]} a4 {[%emt 0:14:27]} 13. Rad1 {[%emt 0:01:05]} axb3 {[%emt 0:00:24]} 14. axb3 {[%emt 0:00:03]} Be6 {[%emt 0:01:47]} 15. Ra1 {[%emt 0:05:27]} Rxa1 {[%emt 0:06:18]} 16. Rxa1 {[%emt 0:04:04]} c6 {[%emt 0:02:41]} 17. Nd1 {[%emt 0:07:29]} Re8 {[%emt 0:06:32]} 18. h3 {[%emt 0:15:12]} Qc7 {[%emt 0:10:43]} 19. Kh2 {[%emt 0:06:47]} Nd7 {[%emt 0:04:23]} 20. Bxg7 {[%emt 0:01:15]} Kxg7 {[%emt 0:00:02]} 21. Nc3 {[%emt 0:00:15]} Nf6 {[%emt 0:02:15]} 22. Qd4 {[%emt 0:03:25]} c5 {[%emt 0:00:37]} 23. Nb5 {[%emt 0:16:06]} cxd4 {[%emt 0:00:24]} 24. Nxc7 {[%emt 0:00:02]} Re7 {[%emt 0:02:38]} 25. Nb5 {[%emt 0:01:53]} d5 {[%emt 0:00:54]} 26. cxd5 {[%emt 0:00:30]} Bxd5 {[%emt 0:00:47]} 27. Bxd5 {[%emt 0:01:41]} Nxd5 {[%emt 0:00:38]} 28. Nxd4 {[%emt 0:00:06]} Rc7 {[%emt 0:04:28]} 29. Kg2 {[%emt 0:01:04]} Kf6 {[%emt 0:00:51]} 30. Kf3 {[%emt 0:00:44]} h5 {[%emt 0:02:53]} 31. e3 {[%emt 0:00:45]} Nb4 {[%emt 0:01:40]} 32. Ra5 {[%emt 0:02:37]} Ke7 {[%emt 0:03:44]} 33. Re5+ {[%emt 0:02:46]} Kd7 {[%emt 0:04:02]} 34. Rb5 {[%emt 0:00:08]} Nc6 {[%emt 0:00:41]} 35. Rb6 {[%emt 0:05:01]} Nd8 {[%emt 0:02:47]} 36. Rb5 {[%emt 0:01:57]} Nc6 {[%emt 0:01:45]} 37. g4 {[%emt 0:00:42]} hxg4+ {[%emt 0:00:05]} 38. hxg4 {[%emt 0:00:01]} Kd6 {[%emt 0:00:51]} 39. Nxc6 {[%emt 0:03:10]} bxc6 {[%emt 0:00:09]} 40. Rb8 {[%emt 0:00:28]} Ke5 {[%emt 0:01:21]} 41. Re8+ {[%emt 0:31:05]} Kd6 {[%emt 0:31:15]} 42. Kf4 {[%emt 0:00:29]} Rb7 {[%emt 0:01:00]} 43. Rd8+ {[%emt 0:00:02]} Ke6 {[%emt 0:00:15]} 44. Rd3 {[%emt 0:00:02]} Rb4+ {[%emt 0:00:50]} 45. Kg3 {[%emt 0:00:57]} f5 {[%emt 0:00:18]} 46. f4 {[%emt 0:01:05]} g5 {[%emt 0:03:33]} 47. Rc3 {[%emt 0:00:20]} gxf4+ {[%emt 0:01:05]} 48. exf4 {[%emt 0:00:02]} fxg4 {[%emt 0:00:49]} 49. Rxc6+ {[%emt 0:00:42]} Kf5 {[%emt 0:00:14]} 50. Rc5+ {[%emt 0:01:13]} Kf6 {[%emt 0:00:11]} 51. Kxg4 {[%emt 0:00:00]} Rxb3 {[%emt 0:00:00]} 52. Rc6+ {[%emt 0:00:00]} Kg7 {[%emt 0:00:00]} 53. Kg5 {[%emt 0:00:00]} Rb5+ {[%emt 0:00:00]} 54. f5 {[%emt 0:00:00]} Rb7 {[%emt 0:00:00]} 55. Rg6+ {[%emt 0:00:00]} Kf8 {[%emt 0:00:00]} 56. Rh6 {[%emt 0:00:00]} Rg7+ {[%emt 0:00:00]} 57. Kf4 {[%emt 0:00:00]} Rb7 {[%emt 0:00:00]} 58. Rc6 {[%emt 0:00:00]} Ra7 {[%emt 0:00:00]} 59. Ke5 {[%emt 0:00:00]} Re7+ {[%emt 0:00:00]} 60. Re6 {[%emt 0:00:00]} Kf7 1/2-1/2

[Event "ESP chT Honor Division 2019"]
[Site "Melilla"]
[Date "2019.10.04"]
[Round "5.19"]
[White "Iturrizaga Bonelli, Eduardo"]
[Black "Sasikiran, Krishnan"]
[Result "1/2-1/2"]
[WhiteElo "2629"]
[BlackElo "2675"]
[Annotator "ChessBase"]
[PlyCount "99"]
[EventDate "2019.09.30"]
[EventType "team-tourn"]
[EventCountry "ESP"]
[SourceTitle "playchess.com"]
[Source "ChessBase"]
[SourceQuality "1"]
[TimeControl "40/5400+30:1800+30"]

1. c4 {[%emt 0:00:00]} e5 {[%emt 0:00:00]} 2. Nc3 {[%emt 0:00:00]} Nf6 {[%emt 0:00:01]} 3. g3 {[%emt 0:02:23]} d5 {[%emt 0:00:24]} 4. cxd5 {[%emt 0:00:08]} Nxd5 {[%emt 0:00:12]} 5. Bg2 {[%emt 0:00:03]} Nb6 {[%emt 0:00:14]} 6. Nf3 {[%emt 0:01:32]} Nc6 {[%emt 0:02:21]} 7. O-O {[%emt 0:00:32]} Be7 {[%emt 0:00:43]} 8. d3 {[%emt 0:00:09]} O-O {[%emt 0:01:46]} 9. Be3 {[%emt 0:01:08]} Be6 {[%emt 0:06:29]} 10. Rc1 {[%emt 0:03:47]} Qd7 {[%emt 0:10:56]} 11. a3 {[%emt 0:03:05]} Nd5 {[%emt 0:03:59]} 12. Nxd5 {[%emt 0:21:18]} Bxd5 {[%emt 0:00:20]} 13. Qa4 Rfd8 {[%emt 0:09:59]} 14. Rfd1 {[%emt 0:14:05]} a6 {[%emt 0:07:44]} 15. Qc2 Qe6 {[%emt 0:12:39]} 16. Nd2 {[%emt 0:18:50]} h5 {[%emt 0:03:56]} 17. Bxd5 {[%emt 0:01:08]} Rxd5 {[%emt 0:02:16]} 18. Qb3 {[%emt 0:00:35]} Na5 {[%emt 0:01:54]} 19. Qa2 {[%emt 0:09:56]} Rc8 {[%emt 0:04:36]} 20. h4 {[%emt 0:10:40]} Nc6 {[%emt 0:08:47]} 21. Qb3 {[%emt 0:00:09]} Na5 {[%emt 0:02:03]} 22. Qa2 {[%emt 0:00:02]} Nc6 {[%emt 0:00:32]} 23. Qb3 {[%emt 0:00:04]} Nd8 {[%emt 0:02:09]} 24. Nc4 {[%emt 0:06:39]} Rb5 {[%emt 0:01:43]} 25. Qc3 {[%emt 0:00:35]} Nc6 {[%emt 0:02:04]} 26. a4 {[%emt 0:04:36]} Rb4 {[%emt 0:03:57]} 27. a5 {[%emt 0:00:54]} Rd8 {[%emt 0:02:10]} 28. Ra1 {[%emt 0:01:09]} Rb5 {[%emt 0:02:23]} 29. Qe1 {[%emt 0:00:16]} e4 {[%emt 0:03:29]} 30. Qf1 {[%emt 0:00:33]} Rbd5 {[%emt 0:01:06]} 31. Bf4 {[%emt 0:00:28]} exd3 {[%emt 0:01:03]} 32. exd3 {[%emt 0:00:22]} Qd7 {[%emt 0:00:14]} 33. Rac1 {[%emt 0:00:51]} Bf6 {[%emt 0:00:45]} 34. Kh1 {[%emt 0:00:28]} Rb5 {[%emt 0:00:48]} 35. Rd2 {[%emt 0:00:31]} Nd4 {[%emt 0:00:40]} 36. Na3 {[%emt 0:00:11]} Nb3 {[%emt 0:01:36]} 37. Nxb5 {[%emt 0:00:08]} Nxd2 {[%emt 0:00:06]} 38. Bxd2 {[%emt 0:00:05]} axb5 {[%emt 0:00:32]} 39. Bc3 {[%emt 0:01:30]} Bxc3 {[%emt 0:00:58]} 40. Rxc3 {[%emt 0:00:05]} c6 {[%emt 0:00:22]} 41. Kh2 {[%emt 0:05:56]} Re8 {[%emt 0:08:13]} 42. Qd1 {[%emt 0:10:24]} Re5 {[%emt 0:02:47]} 43. Qf3 {[%emt 0:01:22]} Rd5 {[%emt 0:03:51]} 44. Qf4 {[%emt 0:04:35]} g6 {[%emt 0:02:09]} 45. Ra3 {[%emt 0:03:09]} Qc8 {[%emt 0:05:18]} 46. d4 {[%emt 0:04:33]} Kg7 {[%emt 0:01:43]} 47. Rf3 {[%emt 0:00:36]} Qf5 {[%emt 0:04:34]} 48. Qe3 {[%emt 0:01:04]} Qe6 {[%emt 0:01:32]} 49. b4 {[%emt 0:00:55]} Qd7 {[%emt 0:02:29]} 50. Rf4 {[%emt 0:00:23]} 1/2-1/2

[Event "ESP chT Honor Division 2019"]
[Site "Melilla"]
[Date "2019.10.04"]
[Round "5.20"]
[White "Ganguly, Surya Shekhar"]
[Black "Vazquez Igarza, Renier"]
[Result "1/2-1/2"]
[WhiteElo "2658"]
[BlackElo "2557"]
[Annotator "ChessBase"]
[PlyCount "82"]
[EventDate "2019.09.30"]
[EventType "team-tourn"]
[EventCountry "ESP"]
[SourceTitle "playchess.com"]
[Source "ChessBase"]
[SourceQuality "1"]
[TimeControl "40/5400+30:1800+30"]

1. e4 {[%emt 0:00:00]} c5 {[%emt 0:00:00]} 2. Nf3 {[%emt 0:00:00]} d6 {[%emt 0:00:00]} 3. d4 {[%emt 0:00:16]} cxd4 {[%emt 0:00:01]} 4. Nxd4 {[%emt 0:00:07]} Nf6 {[%emt 0:00:06]} 5. Nc3 {[%emt 0:00:05]} a6 {[%emt 0:00:06]} 6. Be2 {[%emt 0:00:31]} e5 {[%emt 0:00:19]} 7. Nb3 {[%emt 0:00:09]} Be7 {[%emt 0:00:28]} 8. O-O {[%emt 0:00:07]} O-O {[%emt 0:00:19]} 9. Be3 {[%emt 0:00:38]} Be6 {[%emt 0:01:02]} 10. Re1 {[%emt 0:00:06]} Qc7 {[%emt 0:02:25]} 11. Bf3 {[%emt 0:04:46]} Rc8 {[%emt 0:00:58]} 12. a4 {[%emt 0:11:05]} Nbd7 {[%emt 0:01:25]} 13. h3 {[%emt 0:04:38]} h6 {[%emt 0:03:30]} 14. Nd2 {[%emt 0:00:53]} Qc6 {[%emt 0:06:06]} 15. Nf1 {[%emt 0:04:53]} b5 {[%emt 0:05:56]} 16. axb5 {[%emt 0:07:19]} axb5 {[%emt 0:07:30]} 17. Nd5 {[%emt 0:02:48]} Bxd5 {[%emt 0:07:53]} 18. exd5 {[%emt 0:00:07]} Qb7 {[%emt 0:05:03]} 19. Rxa8 {[%emt 0:01:13]} Qxa8 {[%emt 0:00:16]} 20. Ng3 {[%emt 0:00:06]} Bf8 {[%emt 0:00:25]} 21. c3 {[%emt 0:01:23]} Qb7 {[%emt 0:04:43]} 22. Qb3 {[%emt 0:03:29]} Nc5 {[%emt 0:05:37]} 23. Bxc5 {[%emt 0:00:10]} Rxc5 {[%emt 0:00:14]} 24. Ra1 {[%emt 0:00:06]} g6 {[%emt 0:01:57]} 25. Ra5 {[%emt 0:01:37]} h5 {[%emt 0:00:45]} 26. h4 {[%emt 0:06:53]} Qe7 {[%emt 0:09:46]} 27. Rxb5 {[%emt 0:05:59]} Rxb5 {[%emt 0:00:22]} 28. Qxb5 {[%emt 0:00:06]} e4 {[%emt 0:00:03]} 29. Be2 {[%emt 0:02:18]} Qe5 {[%emt 0:00:29]} 30. Nf1 {[%emt 0:01:15]} Bh6 {[%emt 0:05:18]} 31. c4 {[%emt 0:03:21]} Bc1 {[%emt 0:04:07]} 32. Qb8+ {[%emt 0:06:36]} Kg7 {[%emt 0:02:03]} 33. c5 {[%emt 0:00:07]} e3 {[%emt 0:03:05]} 34. f3 {[%emt 0:01:17]} Qxd5 {[%emt 0:05:50]} 35. cxd6 {[%emt 0:05:52]} Qd4 {[%emt 0:02:26]} 36. g3 {[%emt 0:01:19]} Bxb2 {[%emt 0:01:22]} 37. Qb3 {[%emt 0:01:39]} Bc3 {[%emt 0:03:45]} 38. Kg2 {[%emt 0:00:15]} Bd2 {[%emt 0:04:13]} 39. Qd3 {[%emt 0:02:17]} Qxd3 {[%emt 0:01:47]} 40. Bxd3 {[%emt 0:00:03]} Kf8 {[%emt 0:00:38]} 41. f4 {[%emt 0:30:38]} Bb4 {[%emt 0:30:30]} 1/2-1/2